000 00638nam a2200193Ia 4500
003 GCL
008 140319s9999 xx 000 0 ara d
020 _a4355083977
040 _aGCL /
_cGCL
082 0 4 _a621.38932
_bف ا
100 1 _aفاروق محمد العامرى
245 1 0 _aاصلاح اعطال الفيديو عمليا= REPAIR & MAINTENANCE OF VIDEO - RECORDERS /
_cفاروق محمد العامرى
260 _aالقاهرة :
_bالدار المصرية اللبنانية ،
_c1994
300 _a229 ص ؛
_c24 سم
490 _a
650 0 4 _aالصيانة
650 0 4 _aالفيديو
942 _2ddc
_cBK
999 _c54994
_d54994